00888nam a2200241Ia 4500001000600000003000900006008004100015040001300056040001300069041001300082100001900095100002900114245012400143245006800267250001100335260001100346260002100357260004900378300005900427500011400486650001500600650003100615H3148IT-RoPAU130308s9999 xx 000 0 und d aIT-RoPAU cIT-RoPAU aITALIANO aEugeni Ruggero gCodice Aut. SPICS: 23669 aEnunciazione oracolare (L'). L'interrogazione ipertestuale e il suo travestimento immaginario nella consultazione dell' bForme della Testualità€. Teoria, Modelli, storia e Prospettive a1a ed. aTORINO bTesto & Immagine c2001 [1° Ed.:2001 - Ed.Ling.Originale:2001] a"14 p. (prefazione: no ; testo: 14 [pagine: 362-375])" aUn testo senza Forma. Divinazione e Testualità€ nell'I Ching. Tempo del Senso. Enunciazione Personalizzata. aSEMIOLOGIA eCodice materia Spics: 3251